000 00713pam a2200229 a 4500
001 4298061
005 20180226032911.0
008 861031t19871983maua b 001 0 eng
010 _a 86028573
020 _a1555530133 (pbk. : alk. paper) :
_c$11.95
040 _aDLC
_cDLC
_dDLC
041 _aeng
043 _an-us---
080 _a305.42/0973 LOI
082 0 0 _a305.42/0973 LOI
_219
100 _a52
101 _aEDU
245 0 0 _aDecades of discontent :
_cedited, with an introduction and a new foreword, by Lois Scharf and Joan M. Jensen.
504 _aBibliography: p. [299]-306.
906 _a7
_bcbc
_corignew
_d1
_eocip
_f19
_gy-gencatlg
942 _2ddc
_cBK
999 _c43389
_d43389